| 000 | 00541cam a2200193 a 4500 | ||
|---|---|---|---|
| 020 | _a0471423270 (cloth) | ||
| 040 | _cDLC | ||
| 082 | 0 | 0 | _a973 WIL 2003 A0101 Or. |
| 100 | 1 | _aMoore, James, | |
| 245 | 1 | 0 |
_aBush's brain : _bhow Karl Rove made George W. Bush presidential / |
| 260 |
_aHoboken, N.J. : _bJ. Wiley, _cc2003. |
||
| 300 |
_axiii, 395 p. ; _c24 cm. |
||
| 650 | 0 | _aPresidents | |
| 650 | 0 | _aPolitical campaigns | |
| 650 | 0 | _aPolitical consultants | |
| 650 | 0 | _aPresidential candidates | |
| 700 | 1 | _aWayne, Slater. | |
| 942 | _cEK | ||
| 999 |
_c13546 _d13546 |
||